Statistics for TV Dads #3

Click here to take the quiz!

General Stats

  • This quiz has been taken 15 times
  • The average score is 8 of 15

Answer Stats

HintAnswer% Correct
I Love Lucy (1951-1957)Desi Arnaz
86%
Growing Pains (1985-1992)Alan Thicke
71%
Malcolm in the Middle (2000-2006)Bryan Cranston
71%
Bewitched (1964-1969)Dick York
71%
Everybody Loves Raymond (1996-2005)Ray Romano
71%
The Beverly Hillbillies (1962-1971)Buddy Ebsen
64%
Bewitched (1969-1972)Dick Sargent
64%
Family Matters (1989-1998)Reginald VelJohnson
57%
My Two Dads (1987-1990)Paul Reiser
50%
Shameless (2011-2021)William H. Macy
50%
Diff’rent Strokes (1978-1986)Conrad Bain
43%
The Waltons (1972-1981)Ralph Waite
43%
Father Knows Best (1954-1960)Robert Young
36%
My Two Dads (1987-1990)Greg Evigan
29%
The Commish (1991-1996)Michael Chiklis
21%

Score Distribution

Percentile by Number Answered

Percent of People with Each Score

Your Score History

You have not taken this quiz